[Event "FIN-ch"]
[Site "Helsinki"]
[Date "2018.06.18"]
[Round "8"]
[White "Sammalvuo, Tapani"]
[Black "Karttunen, Mika"]
[Result "1/2-1/2"]
[WhiteElo "2435"]
[BlackElo "2466"]
[PlyCount "74"]
[EventDate "2018.06.11"]
[EventType "tourn"]
[EventRounds "9"]
[EventCountry "FIN"]
[EventCategory "5"]
[SourceTitle "CBM 185 Extra"]
[Source "ChessBase"]
[SourceDate "2018.07.29"]
[SourceVersion "1"]
[SourceVersionDate "2018.07.29"]
[SourceQuality "1"]

1. d4 Nf6 2. c4 g6 3. Nc3 Bg7 4. e4 d6 5. Be2 0-0 6. Nf3 e5 7. 0-0 Nc6 8. d5 Ne7 9. Nd2 c6 10. b4 a5 11. bxa5 c5 12. Nb3 Ne8 13. Na4 f5 14. Nb6 Ra7 15. Bg5 Nf6 16. Nxc5 dxc5 17. d6 Rxa5 18. dxe7 Qxe7 19. Bf3 Be6 20. Nd5 Bxd5 21. Bxf6 Bxf6 22. Qxd5+ Kh8 23. Rab1 Rd8 24. Qxb7 Rxa2 25. Qxe7 Bxe7 26. Rb7 fxe4 27. Bxe4 Bg5 28. Rf7 Rd4 29. Bd5 Rf4 30. Rxf4 exf4 31. Re1 Bf6 32. Kf1 Bd4 33. Re2 Ra1+ 34. Re1 Ra2 35. Re2 Ra7 36. g3 fxg3 37. fxg3 Kg7 1/2-1/2

[Event "FIN-ch"]
[Site "Helsinki"]
[Date "2018.06.17"]
[Round "7"]
[White "Sammalvuo, Tapani"]
[Black "Keinanen, Toivo"]
[Result "0-1"]
[WhiteElo "2435"]
[BlackElo "2341"]
[PlyCount "56"]
[EventDate "2018.06.11"]
[EventType "tourn"]
[EventRounds "9"]
[EventCountry "FIN"]
[EventCategory "5"]
[SourceTitle "CBM 185 Extra"]
[Source "ChessBase"]
[SourceDate "2018.07.29"]
[SourceVersion "1"]
[SourceVersionDate "2018.07.29"]
[SourceQuality "1"]

1. d4 d5 2. c4 c5 3. cxd5 Qxd5 4. Nf3 cxd4 5. Nc3 Qa5 6. Nxd4 Nf6 7. g3 e5 8. Nb3 Qc7 9. Bg2 Bb4 10. Bd2 0-0 11. Rc1 Nc6 12. a3 Be7 13. Bg5 Rd8 14. Qc2 Be6 15. e3 Bc4 16. Bxf6 Bxf6 17. Ne4 Bd3 18. Nxf6+ gxf6 19. Qc3 Rac8 20. Nc5 Na5 21. Qb4 Ba6 22. Qg4+ Kh8 23. b4 Nb3 24. Qf3 Nxc1 25. Qxf6+ Kg8 26. Qg5+ Kf8 27. Qh6+ Ke8 28. Qd6 Qxd6 0-1

[Event "FIN-ch"]
[Site "Helsinki"]
[Date "2018.06.12"]
[Round "2"]
[White "Nyysti, Sampsa"]
[Black "Sammalvuo, Tapani"]
[Result "1/2-1/2"]
[WhiteElo "2322"]
[BlackElo "2435"]
[PlyCount "102"]
[EventDate "2018.06.11"]
[EventType "tourn"]
[EventRounds "9"]
[EventCountry "FIN"]
[EventCategory "5"]
[SourceTitle "CBM 185 Extra"]
[Source "ChessBase"]
[SourceDate "2018.07.29"]
[SourceVersion "1"]
[SourceVersionDate "2018.07.29"]
[SourceQuality "1"]

1. e4 c5 2. Nf3 e6 3. d4 cxd4 4. Nxd4 Nc6 5. Nc3 Qc7 6. Be3 a6 7. Qf3 Bd6 8. 0-0-0 Be5 9. Nxc6 bxc6 10. Bd4 Bxd4 11. Rxd4 Nf6 12. Qg3 Qxg3 13. hxg3 d5 14. f3 Ke7 15. g4 g5 16. Ra4 a5 17. Ra3 Ba6 18. Rxa5 Bxf1 19. Rxa8 Rxa8 20. Rxf1 dxe4 21. Rd1 exf3 22. gxf3 Nd5 23. Nxd5+ cxd5 24. a3 Ra4 25. Kd2 h5 26. gxh5 Rh4 27. Ke3 Rxh5 28. b4 g4 29. a4 Rh3 30. Rf1 Kd6 31. a5 Kc6 32. Kf4 gxf3 33. Rxf3 Rh4+ 34. Ke3 Rxb4 35. Rxf7 Ra4 36. Re7 Ra3+ 37. Kd2 Kd6 38. Ra7 Ke5 39. a6 Ke4 40. Ke2 Ra2 41. Kd2 d4 42. Ra8 d3 43. Rc8 dxc2 44. Rxc2 Rxa6 45. Ke2 e5 46. Rc4+ Kf5 47. Rb4 Ra3 48. Rc4 Rh3 49. Ra4 e4 50. Ra8 Rh2+ 51. Ke3 Rh3+ 1/2-1/2

[Event "FIN-ch"]
[Site "Helsinki"]
[Date "2018.06.11"]
[Round "1"]
[White "Sammalvuo, Tapani"]
[Black "Jarvenpaa, Jari"]
[Result "0-1"]
[WhiteElo "2435"]
[BlackElo "2310"]
[PlyCount "114"]
[EventDate "2018.06.11"]
[EventType "tourn"]
[EventRounds "9"]
[EventCountry "FIN"]
[EventCategory "5"]
[SourceTitle "CBM 185 Extra"]
[Source "ChessBase"]
[SourceDate "2018.07.29"]
[SourceVersion "1"]
[SourceVersionDate "2018.07.29"]
[SourceQuality "1"]

1. d4 e6 2. Nf3 f5 3. g3 Nf6 4. Bg2 d5 5. 0-0 Bd6 6. c4 c6 7. Qc2 0-0 8. b3 Qe7 9. Ne5 Nbd7 10. Bb2 Ne4 11. e3 a5 12. Nd3 b5 13. f3 Ng5 14. Nd2 Ba6 15. e4 Rac8 16. exf5 exf5 17. Rae1 Qf7 18. c5 Bb8 19. b4 f4 20. g4 a4 21. Qc3 Rce8 22. Rf2 Re3 23. Nf1 Rxe1 24. Qxe1 Qg6 25. Qe7 Bc8 26. Qe2 h5 27. h3 hxg4 28. hxg4 Qh7 29. Bc1 Qg6 30. Qd1 Qf6 31. Ne1 Ne6 32. Nc2 Re8 33. Re2 Re7 34. Qe1 Ndf8 35. Bb2 Bd7 36. Qf2 Be8 37. Nh2 Bg6 38. Bf1 Nh7 39. Bc3 Nhg5 40. Kh1 Bc7 41. Re1 Bh7 42. Na3 Qh6 43. Nxb5 cxb5 44. Bxb5 Nxf3 45. Qxf3 Be4 46. Rxe4 dxe4 47. g5 Nxg5 48. Bc4+ Kh7 49. Qf2 f3 50. d5 Nh3 51. Qd4 Bxh2 52. Kxh2 Nf2+ 53. Kg1 Qh1+ 54. Kxf2 e3+ 55. Kg3 Qg2+ 56. Kh4 Kh6 57. Qf4+ g5+ 0-1